British Sports Stars By Surname - The Letter N (Photo Quiz) - Statistics

General Stats
  • This quiz has been taken 37 times
  • The average score is 5 of 16
Answer Stats
Picture Hint Answer % Correct
Born 1975 Football Gary Neville
85%
Born 1999 Motor Racing Lando Norris
73%
Born 1995 Tennis Cameron Norrie
48%
Born 1963 Football Pat Nevin
45%
Born 1992 Rugby Union George North
42%
Born 1977 Netball Tracey Neville
42%
Born 1996 Athletics Daryll Neita
27%
Born 1967 Boxing Johnny Nelson
27%
Born 1941 Wrestling (Character name please) Kendo Nagasaki
24%
Born 1992 Football Jordan Nobbs
21%
Born 1996 Athletics Laviai Nielsen
12%
Born 1979 Rugby Union Jamie Noon
6%
1945-2019 Cricket Malcolm Nash
6%
Born 1964 Athletics Richard Nerurkar
6%
1951-2008 Boxing Dave Needham
3%
Born 1962 Cricket Phil Newport
3%
No matching quizzes found
Score Distribution
Percent of People with Each Score
Percentile by Number Answered
Your Score History
You have not taken this quiz